000 00945nam a22002537a 4500
005 20170124103044.0
010 _aA-098162
020 _c20.00
035 _aA-098162
037 _bCen Lib/Ret
040 _aDPL
_bHN
082 _a
_bगुरुद
100 _aगुरुदत्त
_968188
245 _aसंस्कार /
_cगुरुदत्त
246 _aSanskar /
_bby Guru Dutt
260 _aनई दिल्ली
_bभारती साहित्य सदन
_c1981
270 _bनई दिल्ली
_a30/90 कनाट सरकस
_e110001
300 _a201पृ.
_c16मी(सजिल्द)
650 _aहिन्दी साहित्य
_968189
650 _aहिन्दी साहित्य -- उपन्यास
_946379
650 _aHindi literature
_968190
650 _aHindi literature -- Fiction
_968191
942 _2ddc
_cHN
_h
_mगुरुद
999 _c116761
_d116761